000 00492nam a2200157 a 4500
001 000028979
005 20200930055244.0
008 110413s1996 dr 000 0 spa d
040 _aDO-SdBNP
_bspa
_cBNPHU
082 _axxxx
_bP273p
110 2 _aPartido de la Liberación Dominicana.
_bSecretaría de la Mujer
_955908
245 0 _aPrograma de gobierno para la familia y la mujer 1996-2000.
260 _aSanto Domingo :
_bAlfa & Omega,
_c1996.
300 _a70 p. ;
_c22 cm.
049 _aBNPD
999 _c28471
_d28471